FC 26 Festival of Football: Answer the Call - Statistics

General Stats
  • This quiz has been taken 5 times
  • The average score is 18 of 46
Answer Stats
rat pos club player % Correct
Answer the Call 92 GK Arsenal David Raya
100%
Answer the Call 93 CAM Real Madrid Jude Bellingham
100%
Answer the Call 93 ST Atlético Madrid Julián Alvarez
100%
Answer the Call 90 CB Manchester United Harry Maguire
80%
Answer the Call 91 ST Crystal Palace Jean-Philippe Mateta
80%
Answer the Call 92 CM Paris Saint-Germain João Neves
80%
Answer the Call 91 RM Borussia Dortmund Karim Adeyemi
80%
Answer the Call 92 LW Athletic Bilbao Nico Williams
80%
Answer the Call 90 RW Manchester City Rayan Cherki
80%
Answer the Call 91 CDM Newcastle Sandro Tonali
80%
Answer the Call 90 RB Real Madrid Trent Alexander-Arnold
80%
Answer the Call 91 CAM Tottenham Hotspur Xavi Simons
80%
Answer the Call 88 ST Torino Ché Adams
60%
Answer the Call 88 CAM Southampton Finn Azaz
60%
Answer the Call 90 LW Bodø/Glimt Jens Petter Hauge
60%
Answer the Call 88 ST Wrexham Kieffer Moore
60%
Answer the Call 90 RM Galatasaray Leroy Sané
60%
Answer the Call 92 CDM Fenerbahçe N'Golo Kanté
60%
Answer the Call 92 CDM Liverpool Ryan Gravenberch
60%
Answer the Call 91 LM Bayer Leverkusen Alejandro Grimaldo
40%
Answer the Call 89 RB Celtic Julián Araujo
40%
Answer the Call 89 ST Napoli Rasmus Højlund
40%
Answer the Call 90 CDM VfB Stuttgart Angelo Stiller
20%
Answer the Call 90 CAM Real Betis Giovanni Lo Celso
20%
Answer the Call 88 RM Monchengladbach Giovanni Reyna
20%
Answer the Call 89 CB Ajax Josip Šutalo
20%
Answer the Call 89 LB Napoli Leonardo Spinazzola
20%
Answer the Call 89 GK Rangers Liam Kelly
20%
Answer the Call 89 LB River Plate Marcos Acuña
20%
Answer the Call 88 RB Torino Marcus Pedersen
20%
Answer the Call 91 LB Lazio Nuno Tavares
20%
Answer the Call 90 RM FC Barcelona Roony Bardghji
20%
Answer the Call 89 CDM Bournemouth Ryan Christie
20%
Answer the Call 90 LM Al Hilal Salem Al Dawsari
20%
Answer the Call 89 RB Fiorentina Tariq Lamptey
20%
Answer the Call 91 CM Juventus Weston McKennie
20%
Answer the Call 88 CB Rennes Alidu Seidu
0%
Answer the Call 88 RB Rapid București Cristian Manea
0%
Answer the Call 88 LM Al-Ahli Faris Al Birekan
0%
Answer the Call 88 RM Rayo Vallecano Ilias Akhomach
0%
Answer the Call 89 CB Toulouse Mark McKenzie
0%
Answer the Call 88 LB AZ Alkmaar Mateo Chávez
0%
Answer the Call 90 CM Manchester City Mateo Kovačić
0%
Answer the Call 88 RM Gent Michał Skóraś
0%
Answer the Call 89 ST Lyon Roman Yaremchuk
0%
Answer the Call 90 CDM Real Betis Sofyan Amrabat
0%
No matching quizzes found
Score Distribution
Percent of People with Each Score
Percentile by Number Answered
Your Score History
You have not taken this quiz